000 00581nam a2200241Ia 4500
003 OSt
005 20220928114424.0
006 a|||||r|||| 00| 0
007 ta
008 220927b |||||||| |||| 00| 0 eng d
024 _a60876
037 _cTextual
040 _aSDCL
_cSDCL
_beng
041 _2eng
_aeng
082 _aS:6, J4
100 _aGuilford J P
_9438403
245 0 _aPsychometric methods
250 _amethods
260 _aNew
_b#NAME?
_c1954
300 _aviii,597p
_ccm.
942 _hS:6, J4
_cTEXL
_2CC
999 _c754204
_d754204